Azusa Street outpouring: (Record no. 14143)

000 -LEADER
fixed length control field 00758nam a2200205 a 4500
001 - CONTROL NUMBER
control field :::00011967$&:&@@
003 - CONTROL NUMBER IDENTIFIER
control field OkBaRHE
005 - DATE AND TIME OF LATEST TRANSACTION
control field 20110510183914.0
008 - FIXED-LENGTH DATA ELEMENTS--GENERAL INFORMATION
fixed length control field s1986 j 000 0 eng u
040 ## - CATALOGING SOURCE
Transcribing agency
100 1# - MAIN ENTRY--PERSONAL NAME
Personal name Nickel, Thomas R.
245 10 - TITLE STATEMENT
Title Azusa Street outpouring:
Remainder of title as told to me by those who were there.
260 ## - PUBLICATION, DISTRIBUTION, ETC. (IMPRINT)
Place of publication, distribution, etc Hanford, CA., :
Name of publisher, distributor, etc Great Commission International
Date of publication, distribution, etc c1986
300 ## - PHYSICAL DESCRIPTION
Extent 42 p. : illus. ;
Dimensions 18 cm.
650 ## - SUBJECT ADDED ENTRY--TOPICAL TERM
Topical term or geographic name as entry element Los Angeles (California)
General subdivision Church History
650 ## - SUBJECT ADDED ENTRY--TOPICAL TERM
Topical term or geographic name as entry element Pentecostalism
General subdivision History
650 ## - SUBJECT ADDED ENTRY--TOPICAL TERM
Topical term or geographic name as entry element Revivals
General subdivision California
-- Los Angeles
942 ## - ADDED ENTRY ELEMENTS (KOHA)
Source of classification or shelving scheme
Koha item type Books
Copies
Permanent Location Shelving location Not for loan Koha item type Full call number Lost status Date checked out Barcode Source of classification or shelving scheme Price effective from Date acquired Copy number Date last seen Total Renewals Current Location Withdrawn status Damaged status Total Checkouts
RHEMA Bible Training CollegeGeneral Stacks BooksBX 8762 .Z8N5 2020-02-0711967 2010-04-142010-04-1412020-02-212RHEMA Bible Training College  5